书目信息 |
| 题名: |
中国后妃全传
|
|
| 作者: | 张宏伟 编著 | |
| 分册: | 1 | |
| 出版信息: | 北京 中国华侨出版社 2015 |
|
| 页数: | 200页 | |
| 开本: | 25cm | |
| 丛书名: | ||
| 单 册: | ||
| 中图分类: | K828.5=2 | |
| 科图分类: | ||
| 主题词: | 后妃--列传--中国--古代 | |
| 电子资源: | ||
| ISBN: | 978-7-5113-5153-1 | |
| 000 | 00801nam0 2200241 45 | |
| 001 | 012001003088 | |
| 005 | 20180926152913.09 | |
| 010 | @a978-7-5113-5153-1@dCNY74.00 | |
| 100 | @a20151229d2015 em y0chiy50 ea | |
| 101 | 0 | @achi |
| 102 | @aCN@b110000 | |
| 105 | @aa z 000yc | |
| 106 | @ar | |
| 200 | 1 | @a中国后妃全传@9zhong guo hou fei quan zhuan@b专著@h1@f张宏伟编著 |
| 210 | @a北京@c中国华侨出版社@d2015 | |
| 215 | @a200页@c图@d25cm | |
| 300 | @a实用经典·海外交流定制版 | |
| 330 | @a本书为历代后妃都建立了档案,介绍了她们的生卒年、籍贯、配偶和谥号等,具体分为先秦后妃、两汉后妃、三国后妃、两晋后妃等。 | |
| 606 | 0 | @a后妃@x列传@y中国@z古代 |
| 690 | @aK828.5=2@v5 | |
| 701 | 0 | @a张宏伟@9zhang hong wei@4编著 |
| 801 | 0 | @aCN@b上海新华@c20180901 |
| 905 | @b1159057-61@dK828.5=2@e97:1@f5 | |
| 中国后妃全传.1/张宏伟编著.-北京:中国华侨出版社,2015 |
| 200页:图;25cm |
| 实用经典·海外交流定制版 |
| ISBN 978-7-5113-5153-1:CNY74.00 |
| 本书为历代后妃都建立了档案,介绍了她们的生卒年、籍贯、配偶和谥号等,具体分为先秦后妃、两汉后妃、三国后妃、两晋后妃等。 |
| ● |
| 相关链接 |
|
|
|
|
正题名:中国后妃全传
索取号:K828.5=2/97:1
 
预约/预借
| 序号 | 登录号 | 条形码 | 馆藏地/架位号 | 状态 | 备注 |
| 1 | 1159057 | 211590571 | 第二样本阅览室/ [索取号:K828.5=2/97:1] | 在馆 | |
| 2 | 1159058 | 211590580 | 第二借阅区/ [索取号:K828.5=2/97:1] | 在馆 | |
| 3 | 1159059 | 211590599 | 第二借阅区/ [索取号:K828.5=2/97:1] | 在馆 | |
| 4 | 1159060 | 211590606 | 史法系资料室/ [索取号:K828.5=2/97:1] | 在馆 | |
| 5 | 1159061 | 211590615 | 第二借阅区/ [索取号:K828.5=2/97:1] | 在馆 |